Вікові наші рани: драматичні поеми (Запис № 311387)

МАРК-запис
000 -LEADER
fixed length control field 00681nam a22002417a 4500
001 - CONTROL NUMBER
control field 40449
003 - CONTROL NUMBER IDENTIFIER
control field UA-OsUOA
005 - DATE AND TIME OF LATEST TRANSACTION
control field 20210506204251.0
007 - PHYSICAL DESCRIPTION FIXED FIELD--GENERAL INFORMATION
fixed length control field ta
008 - FIXED-LENGTH DATA ELEMENTS--GENERAL INFORMATION
fixed length control field 20060807b un ||||| |||| 00| 0 ukr d
040 ## - CATALOGING SOURCE
Original cataloging agency UA-OsUOA
Language of cataloging ukr
Transcribing agency UA-OsUOA
Modifying agency UA-OsUOA
041 ## - LANGUAGE CODE
Language code of text/sound track or separate title ukr
080 ## - UNIVERSAL DECIMAL CLASSIFICATION NUMBER
Universal Decimal Classification number 82-97
090 ## - LOCALLY ASSIGNED LC-TYPE CALL NUMBER (OCLC); LOCAL CALL NUMBER (OCLC)
Classification number (OCLC) (R) ; Classification number, CALL (RLIN) (NR) 82-97
Local cutter number (OCLC) ; Book number/undivided call number, CALL (RLIN) І-43
100 ## - MAIN ENTRY--PERSONAL NAME
Personal name Іларіон
245 ## - TITLE STATEMENT
Title Вікові наші рани: драматичні поеми
260 ## - PUBLICATION, DISTRIBUTION, ETC. (IMPRINT)
Place of publication, distribution, etc Вінніпег
Date of publication, distribution, etc 1960
300 ## - PHYSICAL DESCRIPTION
Extent 271 с.
650 #7 - SUBJECT ADDED ENTRY--TOPICAL TERM
Topical term or geographic name as entry element 82 Література. Літературознавство
Source of heading or term UDC
942 ## - ADDED ENTRY ELEMENTS (KOHA)
Koha item type Книги
Source of classification or shelving scheme Universal Decimal Classification
955 ## - COPY-LEVEL INFORMATION (RLIN)
Classification number, CCAL (RLIN) Літературно-художні видання
Фонди
Withdrawn status Lost status Source of classification or shelving scheme Damaged status Not for loan Home library Current library Date acquired Source of acquisition Cost, normal purchase price Inventory number Total Checkouts Full call number Barcode Date last seen Price effective from Koha item type Collection code
Withdrawn   Universal Decimal Classification     АБ - Абонемент НБ АБ - Абонемент НБ 07/08/2006 79/2006 4.00 97599   82-97 І-43 97599 13/07/2019 07/08/2006 Книги  
Withdrawn   Universal Decimal Classification     АБ - Абонемент НБ АБ - Абонемент НБ 05/06/2012 48/2012 3.00 138790   82-97 І-43 138790 13/07/2019 05/06/2012 Книги Колекція бібліотеки інституту Св. Івана
Withdrawn   Universal Decimal Classification     АБ - Абонемент НБ АБ - Абонемент НБ 13/06/2012 48/2012 5.00 139284   82-97 І-43 139284 13/07/2019 13/06/2012 Книги Колекція бібліотеки інституту Св. Івана
    Universal Decimal Classification     Наукова бібліотека ІДУД Наукова бібліотека ІДУД 02/12/2008 139/2008 1.00 2130228   82-12 И99 2130228 15/09/2019 02/12/2008 Книги